书目信息 |
| 题名: |
心理综合咨询实务
|
|
| 作者: | 惠特莫尔 著 ;姜飞月 译 | |
| 分册: | ||
| 出版信息: | 北京 中国人民大学出版社 2013 |
|
| 页数: | 202页 | |
| 开本: | 21cm | |
| 丛书名: | ||
| 单 册: | ||
| 中图分类: | B849.1 | |
| 科图分类: | ||
| 主题词: | 心理咨询--xin li zi xun--教材 | |
| 电子资源: | ||
| ISBN: | 978-7-300-16665-0 | |
| 000 | 01121nam0 22002771 450 | |
| 001 | 0118172109 | |
| 005 | 20170618172109.0 | |
| 010 | @a978-7-300-16665-0@dCNY18.00 | |
| 100 | @a20130130d2013 em y0chiy50 ea | |
| 101 | 1 | @achi@ceng |
| 102 | @aCN@b110000 | |
| 105 | @ay z 001yy | |
| 106 | @ar | |
| 200 | 1 | @a心理综合咨询实务@Axin li zong he zi xun shi wu@dPsychosynthesis counselling in action@f(英)戴安娜·惠特莫尔(Diana Whitmore)著@g姜飞月译@zeng |
| 210 | @a北京@c中国人民大学出版社@d2013 | |
| 215 | @a202页@d21cm | |
| 300 | @a心理咨询与治疗系列教材 | |
| 305 | @a据原书第3版译出 | |
| 330 | @a本书是一本介绍心理综合咨询理论与实践的入门书籍,它将引导心理咨询师将心理综合咨询理论运用到咨询实践过程中去。作者引领读者经历了咨询的不同阶段,生动地描述了不同阶段所运用的方法及患者与咨询师之间关系的本质。 | |
| 510 | 1 | @aPsychosynthesis counselling in action@zeng |
| 606 | 0 | @a心理咨询@Axin li zi xun@j教材 |
| 690 | @aB849.1@v5 | |
| 701 | 0 | @c(美)@a惠特莫尔@Ahui te mo er@c(Whitmore, Diana)@4著 |
| 702 | 0 | @a姜飞月@Ajiang fei yue@4译 |
| 801 | 0 | @aCN@bTANGWEI@c20170610 |
| 905 | @b1008333-8@dB849.1@e1832@f6 | |
| 心理综合咨询实务=Psychosynthesis counselling in action/(英)戴安娜·惠特莫尔(Diana Whitmore)著/姜飞月译.-北京:中国人民大学出版社,2013 |
| 202页;21cm |
| 心理咨询与治疗系列教材 |
| ISBN 978-7-300-16665-0:CNY18.00 |
| 本书是一本介绍心理综合咨询理论与实践的入门书籍,它将引导心理咨询师将心理综合咨询理论运用到咨询实践过程中去。作者引领读者经历了咨询的不同阶段,生动地描述了不同阶段所运用的方法及患者与咨询师之间关系的本质。 |
| ● |
| 相关链接 |
|
|
|
|
正题名:心理综合咨询实务
索取号:B849.1/1832
 
预约/预借
| 序号 | 登录号 | 条形码 | 馆藏地/架位号 | 状态 | 备注 |
| 1 | 1008333 | 210083336 | 第一样本阅览室/ [索取号:B849.1/1832] | 在馆 | |
| 2 | 1008334 | 210083345 | 教育系资料室/ [索取号:B849.1/1832] | 在馆 | |
| 3 | 1008335 | 210083354 | 教育系资料室/ [索取号:B849.1/1832] | 在馆 | |
| 4 | 1008336 | 210083363 | 教育系资料室/ [索取号:B849.1/1832] | 在馆 | |
| 5 | 1008337 | 210083372 | 第一借阅区/ [索取号:B849.1/1832] | 在馆 | |
| 6 | 1008338 | 210083381 | 第一借阅区/ [索取号:B849.1/1832] | 在馆 |